[Event "IECG WC.2002.T.00004 email"]
[Site "IECG email"]
[Date "2001.06.15"]
[Round "?"]
[White "Fester, Albrecht"]
[Black "Sacerdotali, Sergio"]
[Result "1-0"]
[WhiteElo "2477"]
[BlackElo "2307"]
[PlyCount "85"]
[EventDate "2001.06.15"]
[EventType "tourn (corr)"]
[EventRounds "10"]
[SourceTitle "Corr 2008"]
[Source "ChessBase"]
[SourceDate "2008.06.24"]
[SourceVersion "1"]
[SourceVersionDate "2008.06.24"]
[SourceQuality "1"]

1. e4 e5 2. Nf3 Nc6 3. Bb5 a6 4. Bxc6 dxc6 5. 0-0 Bg4 6. h3 h5 7. d3 Qf6 8. Nbd2 Bd6 9. Re1 Bxf3 10. Nxf3 Qe7 11. Be3 Qe6 12. d4 0-0-0 13. c3 Nf6 14. Ng5 Qe7 15. Qb3 Rhf8 16. dxe5 Qxe5 17. f4 Qe7 18. Qc4 Nd7 19. b4 Nb6 20. Qb3 Qe8 21. a4 Be7 22. Nf3 f5 23. exf5 Qf7 24. Qxf7 Rxf7 25. Bxb6 cxb6 26. g4 Bf6 27. Re3 Re7 28. Rae1 Rxe3 29. Rxe3 hxg4 30. hxg4 Rf8 31. Ng5 Bxg5 32. fxg5 Kd7 33. Kf2 a5 34. Kf3 axb4 35. cxb4 c5 36. b5 c4 37. Re6 c3 38. Ke2 c2 39. Kd2 Ra8 40. Rg6 Rxa4 41. Rxg7+ Kd6 42. f6 Rxg4 43. Kxc2 1-0

[Event "IECG WC.2002.T.00004 email"]
[Site "IECG email"]
[Date "2001.06.15"]
[Round "?"]
[White "Fester, Albrecht"]
[Black "Sokolov, Andrei"]
[Result "1/2-1/2"]
[WhiteElo "2477"]
[BlackElo "2341"]
[PlyCount "123"]
[EventDate "2001.06.15"]
[EventType "tourn (corr)"]
[EventRounds "10"]
[SourceTitle "Corr 2008"]
[Source "ChessBase"]
[SourceDate "2008.06.24"]
[SourceVersion "1"]
[SourceVersionDate "2008.06.24"]
[SourceQuality "1"]

1. e4 c6 2. d4 d5 3. exd5 cxd5 4. c4 Nf6 5. Nc3 Nc6 6. Bg5 e6 7. Nf3 Bb4 8. Bd3 dxc4 9. Bxc4 h6 10. Bh4 0-0 11. 0-0 Be7 12. Rc1 Nh5 13. Bxe7 Nxe7 14. Ne5 Nf6 15. Qd3 Bd7 16. Rfe1 Rc8 17. Ne4 Ned5 18. Nd6 Rc7 19. Qa3 Bc6 20. Be2 Qe7 21. Bf3 Ne8 22. Nxc6 bxc6 23. Nxe8 Rxe8 24. Qxe7 Rexe7 25. a3 Red7 26. b4 Rd6 27. Kf1 Rcd7 28. Red1 Ne7 29. Ke2 g5 30. h3 Kg7 31. Rc5 Kf6 32. g3 Rd8 33. Be4 R8d7 34. Ke3 Rd8 35. Rd3 R8d7 36. g4 Kg7 37. Ra5 Kf6 38. Rc5 Kg7 39. Rdc3 Rxd4 40. Bxc6 Nxc6 41. Rxc6 h5 42. R6c4 Rxc4 43. Rxc4 h4 44. Ke2 f5 45. b5 Kf6 46. f4 gxf4 47. Rxf4 Ke5 48. Rb4 fxg4 49. Rxg4 Rc7 50. Rxh4 Rc3 51. a4 Ra3 52. Kd2 Kd5 53. Kc2 Kc5 54. Kb2 Re3 55. Ka2 Kb6 56. Rc4 Rxh3 57. Rc6+ Kb7 58. Rxe6 a5 59. Rc6 Rh4 60. Kb3 Rb4+ 61. Ka3 Rh4 62. Kb3 1/2-1/2

[Event "IECG WC.2002.T.00004 email"]
[Site "IECG email"]
[Date "2001.06.15"]
[Round "?"]
[White "Koch, Christian"]
[Black "Fester, Albrecht"]
[Result "1/2-1/2"]
[WhiteElo "2209"]
[BlackElo "2477"]
[PlyCount "57"]
[EventDate "2001.06.15"]
[EventType "tourn (corr)"]
[EventRounds "10"]
[SourceTitle "Corr 2008"]
[Source "ChessBase"]
[SourceDate "2008.06.24"]
[SourceVersion "1"]
[SourceVersionDate "2008.06.24"]
[SourceQuality "1"]

1. e4 c5 2. Nf3 d6 3. d4 cxd4 4. Nxd4 Nf6 5. Nc3 a6 6. Bg5 e6 7. f4 Qb6 8. Qd2 Qxb2 9. Rb1 Qa3 10. f5 Nc6 11. fxe6 fxe6 12. Nxc6 bxc6 13. Be2 Be7 14. 0-0 0-0 15. Rb3 Qc5+ 16. Be3 Qe5 17. Bf4 Qc5+ 18. Kh1 Ng4 19. h3 e5 20. Na4 Qa7 21. Bc4+ Kh8 22. hxg4 exf4 23. Nb6 d5 24. exd5 cxd5 25. Bxd5 Rb8 26. Nxc8 Rbxc8 27. Rxf4 Rxf4 28. Qxf4 Rf8 29. Qe5 1/2-1/2

[Event "IECG WC.2000.F.00001 email"]
[Site "IECG email"]
[Date "2000.11.01"]
[Round "?"]
[White "Bruckel, Gerhard"]
[Black "Fester, Albrecht"]
[Result "0-1"]
[WhiteElo "2300"]
[BlackElo "2483"]
[PlyCount "84"]
[EventDate "2000.11.01"]
[EventType "tourn (corr)"]
[EventRounds "14"]
[SourceTitle "Corr 2008"]
[Source "ChessBase"]
[SourceDate "2008.06.24"]
[SourceVersion "1"]
[SourceVersionDate "2008.06.24"]
[SourceQuality "1"]

1. e4 c5 2. Nf3 d6 3. d4 cxd4 4. Nxd4 Nf6 5. Nc3 a6 6. Be2 e5 7. Nb3 Be7 8. 0-0 0-0 9. Kh1 b6 10. Bg5 Nbd7 11. Bxf6 Nxf6 12. Bc4 b5 13. Bd5 Nxd5 14. Nxd5 Bg5 15. a4 Be6 16. f3 Qb8 17. axb5 axb5 18. Rxa8 Qxa8 19. Nc7 Qc6 20. Nxe6 fxe6 21. Na5 Qc5 22. Qd3 Rc8 23. Rd1 Qxc2 24. Qxd6 h6 25. h4 Bxh4 26. Rd2 Qc1+ 27. Rd1 Bg3 28. Nb3 Qc2 29. Qxe6+ Kh8 30. Qd7 Rf8 31. Qd3 Qf2 32. Rf1 Qb6 33. f4 exf4 34. Nd2 Qd8 35. Qxd8 Rxd8 36. Nf3 g5 37. Ra1 Kg7 38. Ra7+ Kf8 39. Ra1 Re8 40. Nd4 Rxe4 41. Nxb5 Rb4 42. Nd6 f3 0-1

[Event "IECG WC.2000.S.00006 email"]
[Site "IECG email"]
[Date "1999.??.??"]
[Round "?"]
[White "Liew, Chee Meng"]
[Black "Fester, Albrecht"]
[Result "0-1"]
[WhiteElo "2330"]
[BlackElo "2470"]
[PlyCount "44"]
[EventDate "1999.05.08"]
[EventType "tourn (corr)"]
[EventRounds "10"]
[SourceTitle "Corr 2008"]
[Source "ChessBase"]
[SourceDate "2008.06.24"]
[SourceVersion "1"]
[SourceVersionDate "2008.06.24"]
[SourceQuality "1"]

1. d4 d5 2. Nf3 Nf6 3. Bf4 c5 4. c3 e6 5. e3 Nc6 6. Nbd2 Bd6 7. dxc5 Bxc5 8. Bd3 h6 9. 0-0 0-0 10. Qe2 Nh5 11. Be5 Nxe5 12. Nxe5 Nf6 13. e4 b6 14. exd5 exd5 15. Ndf3 Re8 16. Rfe1 Ng4 17. Nxf7 Rxe2 18. Nxd8 Bxf2+ 19. Kf1 Rxe1+ 20. Nxe1 Bc5 21. Nc2 Ne5 22. Bb5 Bf5 0-1

[Event "IECG W-ch1 fin email"]
[Site "IECG email"]
[Date "1998.??.??"]
[Round "?"]
[White "Fester, Albrecht"]
[Black "Pecha, Martin"]
[Result "1/2-1/2"]
[WhiteElo "2460"]
[BlackElo "2345"]
[PlyCount "42"]
[EventDate "1998.??.??"]
[EventType "tourn (corr)"]
[EventRounds "8"]
[SourceTitle "Corr 2008"]
[Source "ChessBase"]
[SourceDate "2008.06.24"]
[SourceVersion "1"]
[SourceVersionDate "2008.06.24"]
[SourceQuality "1"]

1. e4 c5 2. Nf3 d6 3. d4 cxd4 4. Nxd4 Nf6 5. Nc3 a6 6. Bg5 e6 7. f4 Qb6 8. a3 Nc6 9. Nb3 Be7 10. Qd2 Ng4 11. Bxe7 Nxe7 12. h3 Qe3+ 13. Qxe3 Nxe3 14. Kf2 Nxf1 15. Rhxf1 Nc6 16. Rad1 Ke7 17. Rd3 Rd8 18. Rfd1 b5 19. g4 h6 20. h4 Bb7 21. R3d2 Rac8 1/2-1/2

[Event "IECG W-ch1 fin email"]
[Site "IECG email"]
[Date "1998.??.??"]
[Round "?"]
[White "Neven, Knut G"]
[Black "Fester, Albrecht"]
[Result "0-1"]
[WhiteElo "2375"]
[BlackElo "2460"]
[PlyCount "76"]
[EventDate "1998.??.??"]
[EventType "tourn (corr)"]
[EventRounds "8"]
[SourceTitle "Corr 2008"]
[Source "ChessBase"]
[SourceDate "2008.06.24"]
[SourceVersion "1"]
[SourceVersionDate "2008.06.24"]
[SourceQuality "1"]

1. d4 d5 2. c4 Nc6 3. Nc3 dxc4 4. d5 Na5 5. Qa4+ c6 6. b4 b5 7. Qxa5 Qxa5 8. bxa5 b4 9. Nd1 cxd5 10. e4 e6 11. Be3 Bd6 12. exd5 exd5 13. Bd4 f6 14. Ne3 Ne7 15. 0-0-0 0-0 16. g3 Be6 17. Bg2 Rfb8 18. Ne2 Bf7 19. Kb1 Rc8 20. f4 Rc7 21. f5 Rb8 22. g4 Rb5 23. a6 Ra5 24. h4 Rc6 25. g5 fxg5 26. hxg5 Rcxa6 27. Rd2 c3 28. Rc2 Nc6 29. Rd1 Nxd4 30. Rxd4 Bc5 31. Rxd5 Bxd5 32. Nxd5 b3 33. Rxc3 bxa2+ 34. Ka1 Kf7 35. Rh3 Rb5 36. Nec3 Bd4 37. Be4 Rc5 38. Rd3 Ra4 0-1

[Event "IECG CM.1997.0.00025"]
[Site "IECG email"]
[Date "1997.??.??"]
[Round "?"]
[White "Koch, Christian"]
[Black "Fester, Albrecht"]
[Result "1/2-1/2"]
[WhiteElo "2393"]
[BlackElo "2462"]
[PlyCount "55"]
[EventDate "1997.04.20"]
[EventType "tourn (corr)"]
[EventRounds "6"]
[SourceTitle "Corr 2008"]
[Source "ChessBase"]
[SourceDate "2008.06.24"]
[SourceVersion "1"]
[SourceVersionDate "2008.06.24"]
[SourceQuality "1"]

1. e4 d5 2. exd5 Qxd5 3. Nc3 Qa5 4. d4 Nf6 5. Nf3 c6 6. Bc4 Bf5 7. Ne5 e6 8. 0-0 Nbd7 9. Qe2 Bb4 10. Bd2 0-0 11. a3 Bxc3 12. Bxc3 Qc7 13. f4 Rfd8 14. Rae1 b5 15. Bd3 Bxd3 16. Nxd3 Qd6 17. f5 Re8 18. Qf3 a5 19. fxe6 Rxe6 20. Re5 Rae8 21. Rfe1 a4 22. Qg3 Nf8 23. Rxe6 Rxe6 24. Qxd6 Rxd6 25. Re7 Nd5 26. Ra7 f6 27. Ba5 Re6 28. Nb4 1/2-1/2